Paroles - Jeanne - Laurent Voulzy - Statistiques

Statistiques générales
  • Ce quiz a été pris 157 fois
  • Le résultat moyen est 174 sur 213
Statistiques - réponses
Paroles % Correct
je
100%
Je
100%
Jeanne
100%
Jeanne,
100%
à
98%
Et
97%
vous
96%
Vous
96%
de
95%
De
95%
l'a
92%
la
92%
que
91%
Que
91%
j'aime
88%
ma
88%
êtes
87%
si
87%
Si
87%
celle
86%
loin,
86%
loin
86%
Loin
86%
nous
86%
Nous
86%
peine
85%
dire
84%
Un
84%
un
84%
chante
83%
Des
83%
des
83%
les
83%
dans
78%
est
77%
mélancolie
77%
vie
76%
d'ici
75%
vais
75%
image
74%
mon
73%
qu'une
73%
Enfin
72%
pleine
72%
âges
71%
cœur
71%
L'âme
71%
n'êtes
71%
séparent
71%
amour
69%
Perdue
69%
soupire
69%
Combien
68%
moi
68%
siècles
68%
rêve
67%
votre
66%
au
65%
vos
65%
comme
62%
s'égare
62%
l'amour
61%
amants
59%
bois
56%
main
56%
prendrai
56%
Tout
56%
dormant
55%
lit
55%
pris
55%
genoux
54%
aimé
52%
subtil
51%
irions
49%
soir
49%
contre
48%
prendriez
47%
venir
45%
désespère
44%
J'aurais
41%
plaire
34%
relève
18%
Aucun quiz correspondant
Distribution des résultats
% des personnes avec chaque résultat
Percentile par nombre de réponses
Votre historique - résultats
Vous n’avez pas pris ce quiz